000 00315nam a22001337a 4500
008 170922b xxu||||| |||| 00| 0 eng d
020 _a0155719742
041 _aeng
080 _23 ED
_a37
100 _a46
101 _aEDU
245 _aPEOBLEM SOLVING STARTEGIES FOR WRITING
_cFLOWER.L
942 _2udc
_cBK
999 _c28975
_d28975